000 01279nam a2200253Ia 4500
001 15568
003 GE_BSU
008 181216s||||||||xx |||||||||||||| ||und||
040 _cGE_BSU
080 _a821.353.1-1
100 _aწერეთელი, ნუგზარ
245 _aყველა სიმღერა იწყება შენით
245 _bლექსები
245 _cრედ.ც.ქაროსანიძე. მხატვ.ნ.ზიბზიბაძე
260 _aთბილისი
260 _bმერანი
260 _c1980
300 _a124გვ.17სმ.
653 _aლექსები
653 _aყველა სიმღერა იწყება შენით
653 _aციკლები: ჩემი მამული; გზები და განცდილი; ყირიმის სურათები; პოლონური შთაბეჭდილებებიდან; ლირიკული რვეულიდან
653 _aხუთი ლექსი ა.ა.; სხვა და სხვა რკალის ლექსები; სამი ლექსი გურამ რჩეულიშვილს
942 _cBK
999 _c48668
_d48668